000
00351 a2200169 4500
001
190349
020
_a
978-85-405-0285-7
040
_c
Magnum
100
_a
Mulligan, Andy
240
1
0
_a
Trash
_l
por
245
1
0
_a
Trash
300
_a
224
362
0
_a
2013
440
1
_a
Cosac Naify
697
_a
LÍNGUA - LITERATURA - GRAMÁTICA
942
_c
BK
999
_c
190349
_d
190349